Development of new business strategies for the german furniture industry under the influence of global markets dizertačná práca

Salvato in:
Dettagli Bibliografici
Autore principale: Büssing, Maik
Ente Autore: Fakulta podnikového manažmentu EU. Katedra manažmentu
Altri autori: Slávik, Štefan, 1955-
Natura: Libro
Lingua:inglese
Pubblicazione: Bratislava 2010
Soggetti:
Tags: Aggiungi Tag
Nessun Tag, puoi essere il primo ad aggiungerne!!

MARC

LEADER 00000nam$a2200000$$$4500
001 0127686
005 20240109072241.3
041 0 |a eng 
044 |a DE 
245 1 0 |a Development of new business strategies for the german furniture industry under the influence of global markets  |b dizertačná práca  |c Maik Büssing ; škol. Štefan Slávik 
264 1 |a Bratislava  |c 2010 
300 |a 387 s. 
610 2 0 |a stratégia podnikateľská 
610 2 0 |a priemysel nábytkársky 
610 2 0 |a trh medzinárodný 
610 2 0 |a portfólio 
610 2 0 |a Nemecko 
100 1 |a Büssing, Maik 
700 1 |a Slávik, Štefan, 1955- 
710 2 |a Fakulta podnikového manažmentu EU. Katedra manažmentu